| 000 | 00835nas a2200277 4500 | ||
|---|---|---|---|
| 001 | BR9500883 | ||
| 003 | BR-BrBNA | ||
| 005 | 20231205094243.0 | ||
| 007 | ta | ||
| 008 | 230509b bl.|||p| |||| 00| 00por d | ||
| 040 |
_aBR-BrBNA _bpor _cBiblioteca Nacional de Agricultura |
||
| 041 | _a(Pt) | ||
| 072 | _aF03 | ||
| 100 | 1 | _aMenon, J.C.M. | |
| 100 | 1 | _aBarros, A.C.S.A. | |
| 100 | 1 | _aMello, V.D.C. | |
| 100 | 1 | _aZonta, E.P. | |
| 245 | 1 | _aAvaliacao da qualidade fisica e fisiologica da semente de soja produzida no Estado do Parana, na safra 1989/90 | |
| 650 | _aSoja | ||
| 650 | _aSemente | ||
| 650 | _aDeterioracao | ||
| 650 | _aPARANÁ | ||
| 773 | 0 |
_tRevista Brasileira de Sementes (Brazil) _xISSN 0101-3122 _g(1993), v. 15(2) p. 203-208 _wBR9500883 |
|
| 909 |
_a202311 _bLúcia _c55 _dLúcia Elande |
||
| 942 |
_2AGRIS _n0 _cANA |
||
| 999 |
_c143109 _d143109 |
||